000 00886pam a2200289 a 4500
001 14063
003 BD-JhCC
005 20240912124518.0
008 921223s1993 nyu b 001 0 eng
020 _a0060166770 (hard) :
_c$25.00 (Canada $33.50)
035 _a(BD-JhCC)14063
040 _aDLC
_cDLC
_dDLC
041 _aenglish
050 0 0 _aBF701
_bC676 1993
082 0 0 _a155.7
_220
_bCSI 1994
100 1 _aCsikszentmihalyi, Mihaly.
245 1 4 _aThe evolving self :
_bA psychology for the third millennium /
_cMihaly Csikszentmihalyi.
250 _a1st ed.
260 _aNew York :
_bHarperCollins Publishers;
_c1994.
300 _axviii, 358 p. ;
_c24 cm.
504 _aIncludes bibliographical references (p. [335]-350) and index.
650 0 _aGenetic psychology.
650 0 _aBehavior evolution.
650 0 _aSocial evolution.
942 _2ddc
_cBK
999 _c14063
_d14063